|
|
|
|
| LEADER |
00674nab a2200169 i 4500 |
| 001 |
delm87823 |
| 005 |
20190917102659.0 |
| 008 |
190917s1986 hu o 0|| hun d |
| 040 |
|
|
|a SZTE Délmagyarország Archívum
|b hun
|
| 041 |
|
|
|a hun
|
| 100 |
1 |
|
|a Szabó Sándor
|
| 245 |
1 |
0 |
|a Beszélgetés a városról, a megyéről, az országról
|h [elektronikus dokumentum] :
|b pártnap a vásárhelyi II. számú körzeti alapszervezetben /
|c Szabó Sándor
|
| 260 |
|
|
|c 1986-02-12
|
| 300 |
|
|
|a 3
|
| 490 |
0 |
|
|a Délmagyarország
|v 76 No. 36
|
| 695 |
|
|
|a Szabó Sándor, Csongrád megye, Hódmezővásárhely, Politikai élet párt pártélet pártnap pártbizottság
|
| 700 |
0 |
1 |
|a Bedő Nándor
|e aut
|